| 000 | 00645nam a22002057a 4500 | ||
|---|---|---|---|
| 999 |
_c12946 _d12946 |
||
| 003 | AR-CdUCM | ||
| 008 | 190410b ||||| |||| 00| 0 spa d | ||
| 040 |
_aMUNICIPALIDAD PROVINCIAL DEL CUSCO _cBIBLIOTECA MUNICIPAL DEL CUSCO |
||
| 082 |
_a915.1 / _bD87 |
||
| 100 |
_aDulanto Pinillos, Jorge _926143 |
||
| 245 | _aViaje a China popular / | ||
| 260 |
_aLima : _bCía. de Impresiones y Publicidad, _c1964. |
||
| 300 |
_a136 paginas ; _c24 cm. |
||
| 505 | _aContenido :Viajes a china popular / | ||
| 650 |
_aChina _9843 |
||
| 650 |
_aDescripciones y viajes _9497 |
||
| 650 |
_aSiglo XX _98 |
||
| 942 |
_2ddc _cLIBROS |
||
| 945 |
_arjall _d2019-04-10 |
||